000 00588nam a2200241Ia 4500
003 OSt
005 20221005123942.0
006 a|||||r|||| 00| 0
007 ta
008 221004b |||||||| |||| 00| 0 tam d
024 _a52616
037 _cTextual
040 _aCRL
_cCRL
_btam
041 _2tam
_atam
082 _aY73(P31):1, 31N2
100 _aSaroja Au.
_9634493
245 0 _aMannin manam
260 _c1992
650 _a TAMIL LANGUAGE
650 _aSOCIOLOGY
942 _hY73(P31):1, 31N2
_cTEXL
_2cc
999 _c1049039
_d1049039